000 00574nam a2200205Ia 4500
005 20260429112303.0
008 260429s9999||||xx |||||||||||||| ||und||
020 _a9783111315072
041 _aEnglish
082 _a547.12
_bKUB
100 _aKubik, Stefan
245 0 _aSupramolecular chemistry :
_bfrom concepts to applications /
_cStefan Kubik
250 _a2nd ed.
260 _aBerlin :
_bDe Gruyter,
_c2024.
300 _axviii, 637 p.; pbk
650 _a Chemistry
650 _a Molecular interactions
650 _aSupramolecular chemistry
942 _cTB
999 _c53319
_d53319